[Event "ODJM A 2024"]
[Site "Willingen GER"]
[Date "2024.05.25"]
[Round "9"]
[White "Ruddat, Jarne"]
[Black "Gröschel, Karoline"]
[Result "1-0"]
[Termination "normal"]
[Board "19"]
[WhiteElo "1854"]
[BlackElo "1952"]
[WhiteClock "01:14:39"]
[BlackClock "00:59:41"]
[PlyCount "45"]
[WhiteFideId "16254236"]
[BlackFideId "34610537"]
[EventCountry "GER"]
[EventRounds "9"]
[EventType "swiss"]
[EventDate "2024.05.18"]

1. e4 {[%clk 01:30:58]} {[%emt 00:00:01]} c5 {[%clk 01:30:57]} {[%emt
00:00:04]} 2. Nf3 {[%clk 01:31:23]} {[%emt 00:00:05]} d6 {[%clk 01:31:22]}
{[%emt 00:00:05]} 3. d4 {[%clk 01:31:49]} {[%emt 00:00:04]} cxd4 {[%clk
01:31:49]} {[%emt 00:00:03]} 4. Nxd4 {[%clk 01:32:15]} {[%emt 00:00:04]} Nf6
{[%clk 01:32:15]} {[%emt 00:00:04]} 5. Nc3 {[%clk 01:32:40]} {[%emt 00:00:04]}
Nc6 {[%clk 01:32:41]} {[%emt 00:00:04]} 6. Bg5 {[%clk 01:32:56]} {[%emt
00:00:15]} e6 {[%clk 01:33:07]} {[%emt 00:00:04]} 7. Qd2 {[%clk 01:33:16]}
{[%emt 00:00:10]} a6 {[%clk 01:33:33]} {[%emt 00:00:05]} 8. Nxc6 {[%clk
01:33:40]} {[%emt 00:00:05]} bxc6 {[%clk 01:33:55]} {[%emt 00:00:08]} 9. O-O-O
{[%clk 01:34:05]} {[%emt 00:00:04]} Be7 {[%clk 01:28:58]} {[%emt 00:05:28]} 10.
Bxf6 {[%clk 01:33:21]} {[%emt 00:01:15]} gxf6 {[%clk 01:27:00]} {[%emt
00:02:27]} 11. Bc4 {[%clk 01:33:25]} {[%emt 00:00:25]} Qa5 {[%clk 01:25:25]}
{[%emt 00:02:05]} 12. Bb3 {[%clk 01:24:18]} {[%emt 00:09:38]} Bd7 {[%clk
01:23:36]} {[%emt 00:02:19]} 13. f4 {[%clk 01:22:47]} {[%emt 00:02:00]} d5
{[%clk 01:21:52]} {[%emt 00:02:14]} 14. Rhe1 {[%clk 01:19:54]} {[%emt
00:03:23]} Kf8 {[%clk 01:04:30]} {[%emt 00:17:52]} 15. f5 {[%clk 01:17:18]}
{[%emt 00:03:07]} h5 {[%clk 01:04:54]} {[%emt 00:00:05]} 16. exd5 {[%clk
01:16:03]} {[%emt 00:01:46]} cxd5 {[%clk 01:05:01]} {[%emt 00:00:23]} 17. fxe6
{[%clk 01:13:27]} {[%emt 00:03:06]} fxe6 {[%clk 01:04:45]} {[%emt 00:00:45]}
18. Bxd5 {[%clk 01:13:02]} {[%emt 00:00:56]} exd5 {[%clk 01:04:47]} {[%emt
00:00:28]} 19. Rxe7 {[%clk 01:13:28]} {[%emt 00:00:04]} d4 {[%clk 00:59:25]}
{[%emt 00:05:51]} 20. Rxd7 {[%clk 01:13:47]} {[%emt 00:00:12]} dxc3 {[%clk
00:59:43]} {[%emt 00:00:11]} 21. Qd6+ {[%clk 01:14:13]} {[%emt 00:00:04]} Kg8
{[%clk 00:59:52]} {[%emt 00:00:21]} 22. Qe6+ {[%clk 01:14:39]} {[%emt
00:00:05]} Kf8 {[%clk 00:59:41]} {[%emt 00:00:41]} 23. Qf7# {[%emt 00:00:04]}
1-0

[Event "ODJM A 2024"]
[Site "Willingen GER"]
[Date "2024.05.25"]
[Round "9"]
[White "Schäfer, Daniel"]
[Black "Sundui, Chinguun"]
[Result "1/2-1/2"]
[Termination "normal"]
[Board "20"]
[WhiteElo "1916"]
[BlackElo "1895"]
[WhiteClock "00:00:54"]
[BlackClock "00:01:13"]
[PlyCount "112"]
[WhiteFideId "16235088"]
[BlackFideId "4907930"]
[EventCountry "GER"]
[EventRounds "9"]
[EventType "swiss"]
[EventDate "2024.05.18"]

1. d4 {[%clk 01:30:57]} {[%emt 00:00:02]} Nf6 {[%clk 01:30:54]} {[%emt
00:00:08]} 2. c4 {[%clk 01:31:22]} {[%emt 00:00:03]} e6 {[%clk 01:31:21]}
{[%emt 00:00:04]} 3. Nc3 {[%clk 01:31:12]} {[%emt 00:00:40]} Bb4 {[%clk
01:31:44]} {[%emt 00:00:07]} 4. Qc2 {[%clk 01:31:39]} {[%emt 00:00:03]} Nc6
{[%clk 01:32:05]} {[%emt 00:00:08]} 5. Nf3 {[%clk 01:31:58]} {[%emt 00:00:11]}
d6 {[%clk 01:32:18]} {[%emt 00:00:17]} 6. Bd2 {[%clk 01:29:40]} {[%emt
00:02:49]} O-O {[%clk 01:28:44]} {[%emt 00:04:04]} 7. a3 {[%clk 01:23:17]}
{[%emt 00:06:53]} Bxc3 {[%clk 01:26:13]} {[%emt 00:03:01]} 8. Bxc3 {[%clk
01:22:57]} {[%emt 00:00:50]} Qe7 {[%clk 01:25:56]} {[%emt 00:00:46]} 9. e4
{[%clk 01:14:13]} {[%emt 00:09:14]} e5 {[%clk 01:25:11]} {[%emt 00:01:16]} 10.
d5 {[%clk 01:13:11]} {[%emt 00:01:31]} Nb8 {[%clk 01:19:25]} {[%emt 00:06:16]}
11. Be2 {[%clk 01:07:17]} {[%emt 00:06:24]} Nbd7 {[%clk 01:17:27]} {[%emt
00:02:29]} 12. Nd2 {[%clk 01:01:18]} {[%emt 00:06:29]} a5 {[%clk 01:10:49]}
{[%emt 00:07:08]} 13. b4 {[%clk 00:58:42]} {[%emt 00:03:05]} b6 {[%clk
01:09:59]} {[%emt 00:01:21]} 14. O-O {[%clk 00:57:13]} {[%emt 00:01:58]} Bb7
{[%clk 01:04:58]} {[%emt 00:05:32]} 15. Nb3 {[%clk 00:45:36]} {[%emt 00:12:06]}
axb4 {[%clk 01:03:13]} {[%emt 00:02:15]} 16. axb4 {[%clk 00:45:53]} {[%emt
00:00:14]} h6 {[%clk 00:57:55]} {[%emt 00:05:48]} 17. Bd2 {[%clk 00:39:19]}
{[%emt 00:07:03]} c6 {[%clk 00:49:25]} {[%emt 00:09:00]} 18. dxc6 {[%clk
00:36:05]} {[%emt 00:03:45]} Bxc6 {[%clk 00:49:43]} {[%emt 00:00:12]} 19. f3
{[%clk 00:36:11]} {[%emt 00:00:24]} Rfc8 {[%clk 00:46:22]} {[%emt 00:03:51]}
20. Be3 {[%clk 00:33:15]} {[%emt 00:03:26]} g5 {[%clk 00:39:36]} {[%emt
00:07:15]} 21. Qd3 {[%clk 00:29:44]} {[%emt 00:04:01]} Ne8 {[%clk 00:36:45]}
{[%emt 00:03:21]} 22. Rfd1 {[%clk 00:28:40]} {[%emt 00:01:34]} Kg7 {[%clk
00:33:39]} {[%emt 00:03:37]} 23. Nd2 {[%clk 00:27:51]} {[%emt 00:01:19]} Qd8
{[%clk 00:30:29]} {[%emt 00:03:40]} 24. Nf1 {[%clk 00:27:12]} {[%emt 00:01:08]}
Ndf6 {[%clk 00:28:34]} {[%emt 00:02:25]} 25. Ng3 {[%clk 00:25:41]} {[%emt
00:02:01]} Bd7 {[%clk 00:25:41]} {[%emt 00:03:23]} 26. Bf2 {[%clk 00:22:41]}
{[%emt 00:03:30]} Be6 {[%clk 00:23:17]} {[%emt 00:02:54]} 27. Nf5+ {[%clk
00:20:04]} {[%emt 00:03:06]} Bxf5 {[%clk 00:22:31]} {[%emt 00:01:17]} 28. exf5
{[%clk 00:20:32]} {[%emt 00:00:03]} Qc7 {[%clk 00:18:08]} {[%emt 00:04:52]} 29.
Qe3 {[%clk 00:18:22]} {[%emt 00:02:40]} Nd7 {[%clk 00:17:06]} {[%emt 00:01:32]}
30. Qe4 {[%clk 00:17:44]} {[%emt 00:01:09]} Ndf6 {[%clk 00:14:01]} {[%emt
00:03:34]} 31. Qe3 {[%clk 00:17:38]} {[%emt 00:00:36]} Nd7 {[%clk 00:13:24]}
{[%emt 00:01:07]} 32. h4 {[%clk 00:17:48]} {[%emt 00:00:20]} Qd8 {[%clk
00:12:22]} {[%emt 00:01:32]} 33. hxg5 {[%clk 00:16:51]} {[%emt 00:01:27]} Qxg5
{[%clk 00:10:33]} {[%emt 00:02:19]} 34. Qd3 {[%clk 00:16:15]} {[%emt 00:01:05]}
h5 {[%clk 00:07:21]} {[%emt 00:03:44]} 35. Qe4 {[%clk 00:12:42]} {[%emt
00:04:03]} Nef6 {[%clk 00:04:58]} {[%emt 00:02:52]} 36. Qb7 {[%clk 00:09:08]}
{[%emt 00:04:04]} Rab8 {[%clk 00:04:21]} {[%emt 00:01:07]} 37. Qa6 {[%clk
00:06:20]} {[%emt 00:03:18]} Qxf5 {[%clk 00:03:45]} {[%emt 00:01:06]} 38. Qb5
{[%clk 00:03:48]} {[%emt 00:03:02]} Qe6 {[%clk 00:02:20]} {[%emt 00:01:56]} 39.
Ra7 {[%clk 00:02:31]} {[%emt 00:01:46]} Ra8 {[%clk 00:01:47]} {[%emt 00:01:03]}
40. Rb7 {[%clk 00:02:39]} {[%emt 00:00:21]} Rab8 {[%clk 00:00:37]} {[%emt
00:01:41]} 41. Rxb8 {[%clk 00:24:54]} {[%emt 00:08:15]} Rxb8 {[%clk 00:29:32]}
{[%emt 00:01:35]} 42. Qc6 {[%clk 00:24:32]} {[%emt 00:00:51]} Ne8 {[%clk
00:25:29]} {[%emt 00:04:33]} 43. Bd3 {[%clk 00:17:30]} {[%emt 00:07:31]} f5
{[%clk 00:14:27]} {[%emt 00:11:32]} 44. Ra1 {[%clk 00:14:01]} {[%emt 00:03:59]}
e4 {[%clk 00:09:36]} {[%emt 00:05:21]} 45. Bd4+ {[%clk 00:08:21]} {[%emt
00:06:09]} Kf8 {[%clk 00:07:36]} {[%emt 00:02:31]} 46. Be2 {[%clk 00:02:01]}
{[%emt 00:06:50]} Ne5 {[%clk 00:05:15]} {[%emt 00:02:50]} 47. Bxe5 {[%clk
00:01:56]} {[%emt 00:00:36]} Qxe5 {[%clk 00:05:40]} {[%emt 00:00:05]} 48. Rd1
{[%clk 00:02:13]} {[%emt 00:00:12]} e3 {[%clk 00:01:55]} {[%emt 00:04:15]} 49.
Rd5 {[%clk 00:00:47]} {[%emt 00:01:56]} Qa1+ {[%clk 00:01:49]} {[%emt
00:00:35]} 50. Kh2 {[%clk 00:01:10]} {[%emt 00:00:07]} Qf6 {[%clk 00:01:53]}
{[%emt 00:00:26]} 51. Kh3 {[%clk 00:00:38]} {[%emt 00:01:01]} Ke7 {[%clk
00:01:11]} {[%emt 00:01:12]} 52. Rd3 {[%clk 00:00:40]} {[%emt 00:00:28]} Qg5
{[%clk 00:00:42]} {[%emt 00:00:59]} 53. Ra3 {[%clk 00:00:54]} {[%emt 00:00:17]}
h4 {[%clk 00:00:36]} {[%emt 00:00:35]} 54. Ra7+ {[%clk 00:00:41]} {[%emt
00:00:43]} Kf6 {[%clk 00:00:52]} {[%emt 00:00:13]} 55. Kh2 {[%clk 00:00:34]}
{[%emt 00:00:39]} Qg3+ {[%clk 00:01:07]} {[%emt 00:00:14]} 56. Kg1 {[%clk
00:00:54]} {[%emt 00:00:10]} Qf2+ {[%clk 00:01:13]} {[%emt 00:00:25]} 1/2-1/2

[Event "ODJM A 2024"]
[Site "Willingen GER"]
[Date "2024.05.25"]
[Round "9"]
[White "Astner, Sebastian"]
[Black "Werner, Florin"]
[Result "1/2-1/2"]
[Termination "normal"]
[Board "21"]
[WhiteElo "1930"]
[BlackElo "1893"]
[WhiteClock "00:18:30"]
[BlackClock "00:30:06"]
[PlyCount "97"]
[WhiteFideId "12979422"]
[BlackFideId "16250230"]
[EventCountry "GER"]
[EventRounds "9"]
[EventType "swiss"]
[EventDate "2024.05.18"]

1. d4 {[%clk 01:30:58]} {[%emt 00:00:01]} d5 {[%clk 01:30:53]} {[%emt
00:00:08]} 2. c4 {[%clk 01:31:24]} {[%emt 00:00:04]} c6 {[%clk 01:31:19]}
{[%emt 00:00:03]} 3. Nf3 {[%clk 01:31:50]} {[%emt 00:00:04]} Nf6 {[%clk
01:31:46]} {[%emt 00:00:03]} 4. cxd5 {[%clk 01:32:15]} {[%emt 00:00:05]} cxd5
{[%clk 01:32:14]} {[%emt 00:00:03]} 5. Nc3 {[%clk 01:32:40]} {[%emt 00:00:05]}
Nc6 {[%clk 01:32:41]} {[%emt 00:00:03]} 6. Bf4 {[%clk 01:33:04]} {[%emt
00:00:05]} Bf5 {[%clk 01:33:06]} {[%emt 00:00:06]} 7. e3 {[%clk 01:33:11]}
{[%emt 00:00:23]} e6 {[%clk 01:33:33]} {[%emt 00:00:04]} 8. Bb5 {[%clk
01:32:36]} {[%emt 00:01:05]} a6 {[%clk 01:32:49]} {[%emt 00:01:13]} 9. Bxc6+
{[%clk 01:22:37]} {[%emt 00:10:29]} bxc6 {[%clk 01:33:14]} {[%emt 00:00:05]}
10. Qa4 {[%clk 01:21:58]} {[%emt 00:01:09]} Qb6 {[%clk 01:33:34]} {[%emt
00:00:10]} 11. Ne5 {[%clk 01:22:09]} {[%emt 00:00:18]} Rc8 {[%clk 01:33:59]}
{[%emt 00:00:06]} 12. O-O {[%clk 01:22:23]} {[%emt 00:00:16]} Be7 {[%clk
01:32:12]} {[%emt 00:02:16]} 13. a3 {[%clk 01:20:18]} {[%emt 00:02:37]} a5
{[%clk 01:28:11]} {[%emt 00:04:31]} 14. Rfc1 {[%clk 01:12:20]} {[%emt
00:08:28]} O-O {[%clk 01:26:38]} {[%emt 00:02:01]} 15. Ne2 {[%clk 01:07:06]}
{[%emt 00:05:44]} c5 {[%clk 01:13:38]} {[%emt 00:13:31]} 16. b3 {[%clk
00:57:40]} {[%emt 00:09:56]} Rfd8 {[%clk 01:10:59]} {[%emt 00:03:08]} 17. h3
{[%clk 00:53:51]} {[%emt 00:04:20]} h6 {[%clk 01:10:58]} {[%emt 00:00:31]} 18.
f3 {[%clk 00:45:03]} {[%emt 00:09:18]} g5 {[%clk 00:56:13]} {[%emt 00:15:14]}
19. Bg3 {[%clk 00:42:56]} {[%emt 00:02:37]} Kg7 {[%clk 00:55:37]} {[%emt
00:01:06]} 20. Bf2 {[%clk 00:41:51]} {[%emt 00:01:35]} Bh7 {[%clk 00:49:42]}
{[%emt 00:06:25]} 21. Be1 {[%clk 00:34:37]} {[%emt 00:07:45]} Qa6 {[%clk
00:48:50]} {[%emt 00:01:22]} 22. Kf2 {[%clk 00:32:47]} {[%emt 00:02:20]} Re8
{[%clk 00:34:33]} {[%emt 00:14:46]} 23. Qxa5 {[%clk 00:28:39]} {[%emt
00:04:39]} Qd6 {[%clk 00:33:36]} {[%emt 00:01:27]} 24. Rxc5 {[%clk 00:26:36]}
{[%emt 00:02:33]} Rxc5 {[%clk 00:33:25]} {[%emt 00:00:40]} 25. Qxc5 {[%clk
00:27:00]} {[%emt 00:00:07]} Qxc5 {[%clk 00:32:08]} {[%emt 00:01:47]} 26. dxc5
{[%clk 00:27:26]} {[%emt 00:00:05]} Bxc5 {[%clk 00:32:31]} {[%emt 00:00:06]}
27. b4 {[%clk 00:26:13]} {[%emt 00:01:43]} Bd6 {[%clk 00:31:05]} {[%emt
00:01:55]} 28. Nc6 {[%clk 00:26:33]} {[%emt 00:00:11]} Bd3 {[%clk 00:29:15]}
{[%emt 00:02:20]} 29. Nc1 {[%clk 00:22:58]} {[%emt 00:04:05]} Bb5 {[%clk
00:26:35]} {[%emt 00:03:10]} 30. Nd4 {[%clk 00:21:16]} {[%emt 00:02:11]} Ba4
{[%clk 00:23:43]} {[%emt 00:03:22]} 31. Nce2 {[%clk 00:20:05]} {[%emt
00:01:41]} Kg6 {[%clk 00:23:50]} {[%emt 00:00:24]} 32. Nc3 {[%clk 00:17:10]}
{[%emt 00:03:25]} Bd7 {[%clk 00:22:53]} {[%emt 00:01:27]} 33. Rb1 {[%clk
00:14:17]} {[%emt 00:03:23]} Ra8 {[%clk 00:18:48]} {[%emt 00:04:33]} 34. a4
{[%clk 00:10:56]} {[%emt 00:03:52]} Bxa4 {[%clk 00:16:29]} {[%emt 00:02:49]}
35. b5 {[%clk 00:11:12]} {[%emt 00:00:14]} e5 {[%clk 00:16:48]} {[%emt
00:00:11]} 36. Ra1 {[%clk 00:10:34]} {[%emt 00:01:09]} exd4 {[%clk 00:16:37]}
{[%emt 00:00:41]} 37. exd4 {[%clk 00:10:56]} {[%emt 00:00:07]} Re8 {[%clk
00:14:15]} {[%emt 00:02:52]} 38. Rxa4 {[%clk 00:08:50]} {[%emt 00:02:36]} Bf4
{[%clk 00:14:35]} {[%emt 00:00:10]} 39. Ne2 {[%clk 00:09:04]} {[%emt 00:00:17]}
Nh5 {[%clk 00:13:31]} {[%emt 00:01:33]} 40. Ra3 {[%clk 00:05:14]} {[%emt
00:04:19]} Rb8 {[%clk 00:08:00]} {[%emt 00:06:01]} 41. g4 {[%clk 00:03:58]}
{[%emt 00:01:47]} Ng7 {[%clk 00:07:33]} {[%emt 00:00:57]} 42. Nxf4+ {[%clk
00:04:18]} {[%emt 00:00:10]} gxf4 {[%clk 00:07:57]} {[%emt 00:00:06]} 43. Rb3
{[%clk 00:04:11]} {[%emt 00:00:37]} Ne6 {[%clk 00:08:14]} {[%emt 00:00:12]} 44.
Bc3 {[%clk 00:03:44]} {[%emt 00:00:58]} Rb6 {[%clk 00:08:30]} {[%emt 00:00:14]}
45. Ke2 {[%clk 00:26:05]} {[%emt 00:08:09]} Nc7 {[%clk 00:34:51]} {[%emt
00:04:10]} 46. Kd3 {[%clk 00:20:21]} {[%emt 00:06:14]} Rxb5 {[%clk 00:34:25]}
{[%emt 00:00:56]} 47. Rxb5 {[%clk 00:20:39]} {[%emt 00:00:12]} Nxb5 {[%clk
00:34:51]} {[%emt 00:00:04]} 48. h4 {[%clk 00:20:45]} {[%emt 00:00:23]} f5
{[%clk 00:30:06]} {[%emt 00:05:17]} 49. Bd2 {[%clk 00:18:30]} {[%emt 00:02:43]}
1/2-1/2

[Event "ODJM A 2024"]
[Site "Willingen GER"]
[Date "2024.05.25"]
[Round "9"]
[White "Mainka, Ingmar"]
[Black "Frohnhäuser, Simon"]
[Result "1-0"]
[Termination "normal"]
[Board "22"]
[WhiteElo "1879"]
[BlackElo "1985"]
[WhiteClock "00:58:49"]
[BlackClock "00:20:10"]
[PlyCount "55"]
[WhiteFideId "16254937"]
[BlackFideId "16208528"]
[EventCountry "GER"]
[EventRounds "9"]
[EventType "swiss"]
[EventDate "2024.05.18"]

1. e4 {[%clk 01:30:59]} c5 {[%clk 01:30:55]} {[%emt 00:00:05]} 2. Nf3 {[%clk
01:31:26]} {[%emt 00:00:05]} d6 {[%clk 01:31:18]} {[%emt 00:00:05]} 3. d4
{[%clk 01:31:53]} {[%emt 00:00:03]} cxd4 {[%clk 01:31:43]} {[%emt 00:00:04]} 4.
Nxd4 {[%clk 01:32:21]} {[%emt 00:00:03]} Nf6 {[%clk 01:32:07]} {[%emt
00:00:06]} 5. Nc3 {[%clk 01:32:48]} {[%emt 00:00:03]} a6 {[%clk 01:32:33]}
{[%emt 00:00:04]} 6. Be2 {[%clk 01:33:08]} {[%emt 00:00:09]} e5 {[%clk
01:32:44]} {[%emt 00:00:19]} 7. Nb3 {[%clk 01:33:33]} {[%emt 00:00:05]} Be6
{[%clk 01:32:27]} {[%emt 00:00:48]} 8. O-O {[%clk 01:33:43]} {[%emt 00:00:19]}
Nbd7 {[%clk 01:32:37]} {[%emt 00:00:19]} 9. f4 {[%clk 01:33:36]} {[%emt
00:00:38]} Qc7 {[%clk 01:32:27]} {[%emt 00:00:40]} 10. Be3 {[%clk 01:33:27]}
{[%emt 00:00:38]} b5 {[%clk 01:32:44]} {[%emt 00:00:15]} 11. a3 {[%clk
01:31:55]} {[%emt 00:02:02]} Be7 {[%clk 01:31:30]} {[%emt 00:01:43]} 12. f5
{[%clk 01:30:17]} {[%emt 00:02:08]} Bc4 {[%clk 01:31:02]} {[%emt 00:00:58]} 13.
Nd2 {[%clk 01:27:32]} {[%emt 00:03:14]} Nb6 {[%clk 01:27:31]} {[%emt 00:04:02]}
14. Kh1 {[%clk 01:26:10]} {[%emt 00:01:52]} Rc8 {[%clk 01:24:16]} {[%emt
00:03:46]} 15. Qe1 {[%clk 01:12:46]} {[%emt 00:13:54]} Bxe2 {[%clk 00:56:41]}
{[%emt 00:28:04]} 16. Bxb6 {[%clk 01:13:01]} {[%emt 00:00:16]} Qxb6 {[%clk
00:55:50]} {[%emt 00:01:21]} 17. Qxe2 {[%clk 01:13:29]} {[%emt 00:00:02]} O-O
{[%clk 00:54:40]} {[%emt 00:01:39]} 18. Rad1 {[%clk 01:05:05]} {[%emt
00:08:53]} b4 {[%clk 00:52:12]} {[%emt 00:03:00]} 19. axb4 {[%clk 01:03:34]}
{[%emt 00:02:01]} Qxb4 {[%clk 00:52:40]} {[%emt 00:00:01]} 20. Nb3 {[%clk
01:03:14]} {[%emt 00:00:51]} Rc4 {[%clk 00:46:12]} {[%emt 00:06:58]} 21. Ra1
{[%clk 01:01:59]} {[%emt 00:01:45]} Rc6 {[%clk 00:25:10]} {[%emt 00:21:31]} 22.
Ra4 {[%clk 01:00:06]} {[%emt 00:02:23]} Qb6 {[%clk 00:25:28]} {[%emt 00:00:12]}
23. Rfa1 {[%clk 00:57:24]} {[%emt 00:03:12]} Ra8 {[%clk 00:19:45]} {[%emt
00:06:13]} 24. Nd5 {[%clk 00:57:30]} {[%emt 00:00:24]} Nxd5 {[%clk 00:19:39]}
{[%emt 00:00:36]} 25. exd5 {[%clk 00:57:59]} {[%emt 00:00:02]} Rc7 {[%clk
00:19:45]} {[%emt 00:00:24]} 26. Rxa6 {[%clk 00:58:16]} {[%emt 00:00:12]} Rxa6
{[%clk 00:20:05]} {[%emt 00:00:11]} 27. Rxa6 {[%clk 00:58:41]} {[%emt
00:00:05]} Rxc2 {[%clk 00:20:10]} {[%emt 00:00:24]} 28. Ra8+ {[%clk 00:58:49]}
{[%emt 00:00:22]} 1-0

[Event "ODJM A 2024"]
[Site "Willingen GER"]
[Date "2024.05.25"]
[Round "9"]
[White "Kieselbach, Jannik"]
[Black "Brandl, Lea Maria"]
[Result "1-0"]
[Termination "normal"]
[Board "23"]
[WhiteElo "2003"]
[BlackElo "1920"]
[WhiteClock "00:34:10"]
[BlackClock "00:18:13"]
[PlyCount "49"]
[WhiteFideId "16246403"]
[BlackFideId "24693049"]
[EventCountry "GER"]
[EventRounds "9"]
[EventType "swiss"]
[EventDate "2024.05.18"]

1. e4 {[%clk 01:30:57]} {[%emt 00:00:03]} c5 {[%clk 01:30:55]} {[%emt
00:00:05]} 2. c3 {[%clk 01:31:16]} {[%emt 00:00:12]} Nf6 {[%clk 01:31:16]}
{[%emt 00:00:09]} 3. e5 {[%clk 01:31:38]} {[%emt 00:00:07]} Nd5 {[%clk
01:31:41]} {[%emt 00:00:04]} 4. Bc4 {[%clk 01:32:01]} {[%emt 00:00:07]} Nb6
{[%clk 01:32:03]} {[%emt 00:00:09]} 5. Bb3 {[%clk 01:32:16]} {[%emt 00:00:15]}
c4 {[%clk 01:31:47]} {[%emt 00:00:46]} 6. Bc2 {[%clk 01:32:39]} {[%emt
00:00:07]} d5 {[%clk 01:27:19]} {[%emt 00:04:58]} 7. exd6 {[%clk 01:32:57]}
{[%emt 00:00:11]} Qxd6 {[%clk 01:27:11]} {[%emt 00:00:39]} 8. Nf3 {[%clk
01:30:10]} {[%emt 00:03:16]} Bg4 {[%clk 01:23:54]} {[%emt 00:03:47]} 9. O-O
{[%clk 01:30:21]} {[%emt 00:00:18]} e6 {[%clk 01:22:23]} {[%emt 00:02:03]} 10.
Qe2 {[%clk 01:25:28]} {[%emt 00:05:22]} N8d7 {[%clk 01:11:40]} {[%emt
00:11:13]} 11. b3 {[%clk 01:16:10]} {[%emt 00:09:48]} Qc7 {[%clk 01:06:24]}
{[%emt 00:05:46]} 12. Re1 {[%clk 01:04:39]} {[%emt 00:12:01]} Be7 {[%clk
00:59:25]} {[%emt 00:07:29]} 13. Ba3 {[%clk 00:55:06]} {[%emt 00:10:03]} Bxa3
{[%clk 00:57:05]} {[%emt 00:02:51]} 14. Nxa3 {[%clk 00:55:25]} {[%emt
00:00:09]} cxb3 {[%clk 00:56:14]} {[%emt 00:01:22]} 15. axb3 {[%clk 00:55:01]}
{[%emt 00:00:54]} a6 {[%clk 00:54:58]} {[%emt 00:01:47]} 16. c4 {[%clk
00:49:06]} {[%emt 00:06:24]} O-O {[%clk 00:53:14]} {[%emt 00:02:14]} 17. Bxh7+
{[%clk 00:47:04]} {[%emt 00:02:31]} Kxh7 {[%clk 00:37:16]} {[%emt 00:16:30]}
18. Ng5+ {[%clk 00:47:22]} {[%emt 00:00:12]} Kg8 {[%clk 00:37:38]} {[%emt
00:00:07]} 19. Qxg4 {[%clk 00:47:41]} {[%emt 00:00:10]} Nf6 {[%clk 00:37:04]}
{[%emt 00:01:05]} 20. Qh4 {[%clk 00:43:34]} {[%emt 00:04:36]} Rfd8 {[%clk
00:23:37]} {[%emt 00:13:58]} 21. Re3 {[%clk 00:37:02]} {[%emt 00:07:01]} Rxd2
{[%clk 00:22:42]} {[%emt 00:01:26]} 22. Rh3 {[%clk 00:36:42]} {[%emt 00:00:49]}
Kf8 {[%clk 00:23:04]} {[%emt 00:00:09]} 23. Qh8+ {[%clk 00:36:32]} {[%emt
00:00:40]} Ke7 {[%clk 00:18:04]} {[%emt 00:05:29]} 24. Qxg7 {[%clk 00:36:28]}
{[%emt 00:00:34]} Rf8 {[%clk 00:18:13]} {[%emt 00:00:22]} 25. Nxe6 {[%clk
00:34:10]} {[%emt 00:02:47]} 1-0